NCAA Tourney Appearances Without a Win Quiz Stats

 Plays Quiz Updated Mar 11, 2018

Score 0/29 Timer 05:00
1 Play Today
Bids School % Correct
34Texas
79.6%
31Oklahoma
73.8%
21Gonzaga
69.6%
24Pennsylvania
68.2%
25Princeton
67.7%
30Illinois
64.6%
25Iowa
63.8%
30Kansas State
63.2%
23Wake Forest
62.7%
20Alabama
62.6%
21Louisiana State
60%
21Tennessee
57.2%
29Purdue
56.1%
28Xavier
51.8%
26Missouri
50.8%
Bids School % Correct
36Notre Dame
49.6%
26Pittsburgh
48.5%
29West Virginia
48.5%
29Brigham Young
46.2%
28St. John's
45.7%
20Memphis
45.3%
20Houston
43.4%
20Providence
37.4%
32Temple
36.9%
21Creighton
28.4%
20St. Joseph's
25.3%
21New Mexico State
23.3%
20Utah State
21.2%
22Western Kentucky
11.3%

You're not logged in!

Compare scores with friends on all Sporcle quizzes.
OR
Log In

Show Comments

Extras

Top Quizzes Today


Score Distribution

Your Account Isn't Verified!

In order to create a playlist on Sporcle, you need to verify the email address you used during registration. Go to your Sporcle Settings to finish the process.

Report this User

Report this user for behavior that violates our Community Guidelines.

Details: